Το δίκαιο της Ευρωπαϊκής Ένωσης : με βάση τη συνθήκη της Νίκαιας = The law of the European Union : the treaty of Νice
Αποθηκεύτηκε σε:
| Κύριος συγγραφέας: | |
|---|---|
| Μορφή: | Βιβλίο |
| Γλώσσα: | Greek |
| Δημοσίευση: |
Αθήνα-Κομοτηνή :
Σάκκουλας, Α.,
2003
|
| Έκδοση: | 4η έκδ. |
| Θέματα: | |
| Ετικέτες: |
Προσθήκη ετικέτας
Δεν υπάρχουν, Καταχωρήστε ετικέτα πρώτοι!
|
MARC
| LEADER | 00000cam a2200000 i 4500 | ||
|---|---|---|---|
| 001 | 1/46145 | ||
| 008 | 070614s2003 gre d | ||
| 020 | |a 960-15-1093-1 | ||
| 035 | |l 10088300 | ||
| 040 | |a GR-MY-UA |b gre |e aacr | ||
| 041 | 0 | |a gre | |
| 082 | 0 | |a 341.2422 |2 (22) | |
| 100 | 1 | |a Κανελλόπουλος, Παναγιώτης Ι. | |
| 245 | 1 | 3 | |a Το δίκαιο της Ευρωπαϊκής Ένωσης : |b με βάση τη συνθήκη της Νίκαιας = The law of the European Union : the treaty of Νice / |c Παναγιώτης Ιωαν. Κανελλόπουλος |
| 250 | |a 4η έκδ. | ||
| 260 | |a Αθήνα-Κομοτηνή : |b Σάκκουλας, Α., |c 2003 | ||
| 300 | |a 807 σ. ; |c 24 εκ. | ||
| 650 | 0 | 0 | |a Law |z European Union countries. |
| 651 | 0 | |a European Union countries |x Politics and government. | |
| 852 | |a INST |b LESVOS |e 20070614 |h 341.2422 ΚΑΝ |p 005100037745 |q 005100037745 |t BK |y 0 | ||
| 901 | |a BIBL1-2007-2 | ||
| 922 | |a 1ΕΛΗ |b 200705 |c ΕΠΕΑΕΚ2/ΤΚ |d Σ. ΠΑΤΑΚΗΣ | ||
| 970 | |a ΧΑΤΖΗΜΙΧΑΗΛ |b ΜΑΡΙΑ |z 2007/06/14 | ||